London Grammar - All songs discography - Statistics

General Stats
  • This quiz has been taken 7 times
  • The average score is 21 of 57
Answer Stats
If You Wait (2013) % Correct
Hey Now
80%
If You Wait
80%
Nightcall
80%
Strong
80%
The Greatest Love
80%
Truth Is a Beautiful Thing
80%
Wasting My Young Years
80%
Californian Soil
60%
House
60%
Kind Of Man
60%
Lord It's a Feeling
60%
Metal & Dust
60%
Santa Fe
60%
You And I
60%
America
40%
Baby It's You
40%
Darling Are You Gonna Leave Me
40%
Fakest Bitch
40%
Flickers
40%
Hell to the Liars
40%
Help
40%
Help Me Lose My Mind
40%
How Does It Feel
40%
Interlude
40%
Into Gold
40%
Intro
40%
LA
40%
Lose Your Head
40%
Missing
40%
Non Believer
40%
Ordinary Life
40%
Rescue
40%
Rooting for You
40%
Sights
40%
Stay Awake
40%
Talking
40%
When We Were Young
40%
Big Picture
20%
Different Breeds
20%
High Life
20%
I Need The Night
20%
Leave the War with Me
20%
Maybe
20%
Oh Woman Oh Man
20%
Shyer
20%
Trials
20%
Who Am I
20%
Wild Eyed
20%
All My Love
0%
Bones of Ribbon
0%
Call Your Friends
0%
Control
0%
Everyone Else
0%
Keep On Dreaming
0%
May the Best
0%
Players And Losers
0%
What a Day
0%
No matching quizzes found
Score Distribution
Percent of People with Each Score
Percentile by Number Answered
Your Score History
You have not taken this quiz